[Event "Frankfurt-ch"]
[Site "Frankfurt"]
[Date "2007.06.18"]
[Round "7"]
[White "Jordake, Michael"]
[Black "Fresser, Stefan"]
[Result "1-0"]
[WhiteElo "1612"]
[BlackElo "1805"]
[PlyCount "85"]
[EventDate "2007.04.30"]
[EventType "swiss"]
[EventRounds "7"]
[EventCountry "GER"]
[SourceTitle "EXT 2008"]
[Source "ChessBase"]
[SourceDate "2007.11.25"]
[SourceVersion "1"]
[SourceVersionDate "2007.11.25"]
[SourceQuality "1"]

1. e4 c6 2. d4 d5 3. Nd2 dxe4 4. Nxe4 Nf6 5. Ng3 h5 6. h4 Bg4 7. Be2 Bxe2 8. N1xe2 e6 9. Bg5 Be7 10. c3 Nbd7 11. Qc2 Ng4 12. Ne4 Ndf6 13. f3 Nxe4 14. Bxe7 Qxe7 15. fxg4 Nf6 16. g5 Nd5 17. Qe4 0-0-0 18. 0-0-0 f6 19. gxf6 gxf6 20. Rhf1 f5 21. Qe5 Rhg8 22. g3 Rg4 23. Nf4 Nxf4 24. Rxf4 Rxf4 25. Qxf4 Rg8 26. Re1 Qc7 27. Re5 Rg6 28. Qe3 Qf7 29. c4 Qg8 30. Kc2 Rxg3 31. Qh6 Rf3 32. Re2 Qe8 33. Rxe6 Qg8 34. Rxc6+ Kb8 35. Qd6+ Ka8 36. Qg6 Qxg6 37. Rxg6 Kb8 38. d5 Rf4 39. Kd3 Rxh4 40. Rg5 Rh3+ 41. Kd4 f4 42. d6 f3 43. Rg8# 1-0

[Event "Frankfurt-ch"]
[Site "Frankfurt"]
[Date "2007.06.04"]
[Round "5"]
[White "Fresser, Stefan"]
[Black "Greul, Thomas"]
[Result "1-0"]
[WhiteElo "1805"]
[BlackElo "1302"]
[PlyCount "55"]
[EventDate "2007.04.30"]
[EventType "swiss"]
[EventRounds "7"]
[EventCountry "GER"]
[SourceTitle "EXT 2008"]
[Source "ChessBase"]
[SourceDate "2007.11.25"]
[SourceVersion "1"]
[SourceVersionDate "2007.11.25"]
[SourceQuality "1"]

1. c4 Nf6 2. Nc3 g6 3. g3 d6 4. Bg2 Bg7 5. d3 c6 6. e4 0-0 7. Nge2 e5 8. 0-0 Nbd7 9. h3 a5 10. Be3 Qe7 11. Qd2 Rd8 12. f4 Nc5 13. f5 Ncd7 14. g4 Nxg4 15. hxg4 gxf5 16. exf5 f6 17. Rf3 e4 18. Nxe4 Ne5 19. Rg3 d5 20. cxd5 Rxd5 21. g5 Kh8 22. gxf6 Bxf6 23. Nxf6 Qxf6 24. Bxd5 cxd5 25. Bd4 Bd7 26. Bxe5 Qxe5 27. Qc3 Qxc3 28. Nxc3 1-0

[Event "Frankfurt-ch"]
[Site "Frankfurt"]
[Date "2007.05.14"]
[Round "3"]
[White "Muellergross, Christian"]
[Black "Fresser, Stefan"]
[Result "1-0"]
[WhiteElo "1559"]
[BlackElo "1805"]
[PlyCount "33"]
[EventDate "2007.04.30"]
[EventType "swiss"]
[EventRounds "7"]
[EventCountry "GER"]
[SourceTitle "EXT 2008"]
[Source "ChessBase"]
[SourceDate "2007.11.25"]
[SourceVersion "1"]
[SourceVersionDate "2007.11.25"]
[SourceQuality "1"]

1. e4 c6 2. d4 d5 3. Nc3 dxe4 4. Nxe4 Nf6 5. Nxf6+ gxf6 6. Nf3 Bf5 7. Bd3 Rg8 8. Nh4 Qxd4 9. Nxf5 Qe5+ 10. Qe2 Qxe2+ 11. Bxe2 Rxg2 12. Ng3 Nd7 13. Bf3 Rxg3 14. hxg3 Ne5 15. Be2 0-0-0 16. Rxh7 e6 17. Be3 1-0

[Event "Frankfurt-ch"]
[Site "Frankfurt"]
[Date "2007.04.30"]
[Round "1"]
[White "Evertz, Wolfgang"]
[Black "Fresser, Stefan"]
[Result "0-1"]
[WhiteElo "1150"]
[BlackElo "1805"]
[PlyCount "96"]
[EventDate "2007.04.30"]
[EventType "swiss"]
[EventRounds "7"]
[EventCountry "GER"]
[SourceTitle "EXT 2008"]
[Source "ChessBase"]
[SourceDate "2007.11.25"]
[SourceVersion "1"]
[SourceVersionDate "2007.11.25"]
[SourceQuality "1"]

1. e4 c6 2. d4 d5 3. Nc3 dxe4 4. Nxe4 Nf6 5. Nxf6+ gxf6 6. Nf3 Bg4 7. Be2 e6 8. h3 Bf5 9. 0-0 Rg8 10. c3 Bxh3 11. g3 Bxf1 12. Kxf1 Bd6 13. Bc4 Qa5 14. Be3 Nd7 15. Qb3 0-0-0 16. Nd2 Qh5 17. Ke1 Nb6 18. Be2 Qh1+ 19. Nf1 Nd5 20. Kd2 Nxe3 21. Kxe3 f5 22. Kd2 f4 23. Rd1 fxg3 24. fxg3 Bxg3 25. Nxg3 Qh6+ 26. Kc2 Rxg3 27. a4 Qe3 28. Rd2 Rg2 29. Qc4 Qe4+ 30. Bd3 Rxd2+ 31. Kxd2 Qg2+ 32. Be2 h5 33. Qd3 h4 34. Qh7 Qg5+ 35. Kd1 Qf6 36. b4 Rh8 37. Qe4 h3 38. a5 h2 39. Bf3 h1Q+ 40. Bxh1 Qf1+ 41. Qe1 Qxe1+ 42. Kxe1 Rxh1+ 43. Kd2 b5 44. axb6 axb6 45. Kd3 b5 46. c4 bxc4+ 47. Kxc4 Rc1+ 48. Kd3 f5 0-1